=LDR 00000nam 2200000 4500 =001 INLIS000000000014712 =005 20130612110006 =008 ***********************************Ind** =035 ##$$0010-061300000014712 =041 ##$$a Ind =082 ##$$a 600 =090 ##$$a 600, Lip j =100 ##$$a lippinccott, Kristen =245 ##$$a Jendela Iptek 14, Astronomi, Kristen Lippinccott =260 ##$$a 2000 $b Jakarta =300 ##$$a 64, hlm, Ilus, 30 cm =650 ##$$a Tehnologi dan Sains =850 ##$$a NBPNMAT